LIBRARY & INFORMATION CENTRE, KCAET, TAVANUR

ONLINE PUBLIC ACCESS CATALOGUE (OPAC)

Scaling methods in soil physics / (Record no. 13150)

MARC details
000 -LEADER
fixed length control field 00448cam a2200169ua 4500
003 - CONTROL NUMBER IDENTIFIER
control field OSt
008 - FIXED-LENGTH DATA ELEMENTS--GENERAL INFORMATION
fixed length control field 240220b |||||||| |||| 00| 0 eng d
041 ## - LANGUAGE CODE
Language code of text/sound track or separate title eng
082 ## - DEWEY DECIMAL CLASSIFICATION NUMBER
Classification number 631.43
Item number PAC/SC
100 ## - MAIN ENTRY--AUTHOR NAME
Personal name Pachepsky, Yakov .
245 00 - TITLE STATEMENT
Title Scaling methods in soil physics /
260 ## - PUBLICATION, DISTRIBUTION, ETC. (IMPRINT)
Place of publication Florida :
Name of publisher CRC Press Inc. ,
Year of publication 2003.
300 ## - PHYSICAL DESCRIPTION
Number of Pages 434 ; .
700 1# - ADDED ENTRY--PERSONAL NAME
Personal name Magdi, Selim H .
700 1# - ADDED ENTRY--PERSONAL NAME
Personal name Radcliffe, David E .
942 ## - ADDED ENTRY ELEMENTS (KOHA)
Koha item type Books
Holdings
Withdrawn status Lost status Damaged status Home library Current library Date acquired Full call number Accession Number Koha item type
      KAUAET KAUAET 07/04/2012 631.43 PAC/SC 21522 Books
free website counter